000 00389nam a2200133 a 4500
001 000044257
005 20201002045241.0
008 140611s1993 dr a 000 0 spa d
040 _aDO-SdBNP
_bspa
_cBNPHU
100 1 _aRosa de Castillo, Mercy de la
_929576
245 1 0 _aCatecismo :
_bencuentro con Jesús.
260 _aSanto Domingo :
_bSusaeta,
_c1993.
300 _a2014p. :
_bil. ;
_c24 cm.
999 _c43746
_d43746